Prc̀tico Seguridad Social

Bibliographic Details
Main Author: Camacho Ramr̕ez, Adriana
Format: eBook
Language:Spanish
Subjects:
Online Access:Acceso restringido

MARC

LEADER 00000nam a22000007a 4500
005 2019073004154.0
007 cr|||| ||||
008 190730c20159999co k||wos|||| 0|||b1spa d
035 |a 12875 
040 |a vLex 
090 |c 9084  |d 9084 
100 1 |a Camacho Ramr̕ez, Adriana 
245 1 0 |a Prc̀tico Seguridad Social  |h [Recurso electrn̤ico] /  |c Adriana Camacho Ramr̕ez 
256 |a Servicio en ln̕ea 
300 |a 1 recurso electrn̤ico 
310 |a Actualizado continuamente 
500 |a El presente practico del Derecho a la Seguridad Social explica los principales aspectos conceptuales del sistema general de pensiones, salud y riesgos laborales en Colombia, basǹdose en el ordenamiento legal y en la jurisprudencia ms̀ importante, la cual se encuentra sintetizada en fichas de fc̀il comprensin̤. 
506 1 |a Disponible solo en los productos indicados  |d vLex Global  |d vLex Global (Academic Edition, excluding Law Schools)  |d vLex Global (U.S. Academic Edition, Law Schools)  |d vLex Global (U.S. Academic Edition, excluding Law Schools)  |d vLex Global (Academic Edition, Law Schools) 
650 0 4 |a Seguridad Social  |z Colombia 
740 0 |a Prc̀ticos vLex (Servicio en ln̕ea) 
856 4 0 |u http://vlex.com/source/12875  |z Acceso restringido 
942 |c REV 
999 0 |a Social Security